Polscy pilkarze - Imiona i nazwiska - Statystyki

Ogólne statystyki
  • Ten quiz został rozwiązany 1 389 razy
  • Średni wynik to 6 z 10
Statystyki odpowiedzi
Hint Odpowiedź % Poprawnych
Napastnik gra w Napoli Arkadiusz Milik
95%
Defensywny pomocnik gra w stolicy Rosji Grzegorz Krychowiak
80%
Obrońca, wygrał lige francuską Kamil Glik
74%
Gola na 2:0 w jedynym zwycięskim meczu z Niemcami strzelił: Sebastian Mila
74%
Król srzelców Mistrzostw Świata 1974 Grzegorz Lato
64%
Piłkarz Juventusu i Romy Zbigniew Boniek
64%
Bamkostrzelny napastnik gra w Danii Kamil Wilczek
55%
Boczny obrońca, grajacy w Schalke Tomasz Hajto
50%
Został przelobowany przez bramkarza Kolumbii Tomasz Kuszczak
45%
Bramkarz który wygrał Ligę Mistrzów w sezonie 86/87 Józef Młynarczyk
36%
Nie znaleziono quizów pasujących do podanych kryteriów
Rozkład punktacji
Procent ludzi z każdym wynikiem
Percentyl według liczby udzielonych odpowiedzi
Twoja historia wyników
Nie rozwiązałeś tego quizu